Eastern Utah Libraries Catalog: Duchesne, Heber, Roosevelt, & Vernal

My kind of wonderful / (Record no. 324430)

MARC details
000 -LEADER
fixed length control field 03159cam a2200565 i 4500
001 - CONTROL NUMBER
control field 21296986
005 - DATE AND TIME OF LATEST TRANSACTION
control field 20200320223419.0
008 - FIXED-LENGTH DATA ELEMENTS--GENERAL INFORMATION
fixed length control field 191118r20192015nyu 000 1 eng d
010 ## - LIBRARY OF CONGRESS CONTROL NUMBER
LC control number 2019286926
020 ## - INTERNATIONAL STANDARD BOOK NUMBER
International Standard Book Number 9781538715550
Qualifying information (paperback)
020 ## - INTERNATIONAL STANDARD BOOK NUMBER
International Standard Book Number 1538715554
Qualifying information (paperback)
035 ## - SYSTEM CONTROL NUMBER
System control number (OCoLC)on1082185486
040 ## - CATALOGING SOURCE
Original cataloging agency YDX
Language of cataloging eng
Transcribing agency YDX
Description conventions rda
Modifying agency IHV
-- BYV
-- BDX
-- OCLCF
-- DLC
042 ## - AUTHENTICATION CODE
Authentication code pcc
043 ## - GEOGRAPHIC AREA CODE
Geographic area code n-us-co
050 00 - LIBRARY OF CONGRESS CALL NUMBER
Classification number PS3619.H3534
Item number M95 2019
082 04 - DEWEY DECIMAL CLASSIFICATION NUMBER
Classification number 813/.6
Edition number 23
100 1# - MAIN ENTRY--PERSONAL NAME
Personal name Shalvis, Jill,
Relator term author.
9 (RLIN) 63169
245 10 - TITLE STATEMENT
Title My kind of wonderful /
Statement of responsibility, etc Jill Shalvis.
250 ## - EDITION STATEMENT
Edition statement First trade paperback edition.
264 #1 - Production, Publication, Distribution, Manufacture, and Copyright Notice.
Place of production, publication, distribution, manufacture New York :
Name of producer, publisher, distributor, manufacturer Forever,
Date of production, publication, distribution, manufacture, or copyr 2019.
264 #4 - Production, Publication, Distribution, Manufacture, and Copyright Notice.
Date of production, publication, distribution, manufacture, or copyr ©2015
300 ## - PHYSICAL DESCRIPTION
Extent 337 pages ;
Dimensions 21 cm.
336 ## - Content Type
Content type term text
337 ## - Media type
Media type term unmediated
338 ## - Carrier type
Carrier type term volume
490 1# - SERIES STATEMENT
Series statement The Cedar Ridge series
500 ## - GENERAL NOTE
General note "Originally published as mass market and ebook by Grand Central Publishing in December 2015"--Title page verso.
520 ## - SUMMARY, ETC.
Summary, etc "Bailey Moore is finally getting to live on her own terms. After a fierce battle with cancer, she's ready to do all the things she never dared to before, like sail the Greek Islands and explore Europe's castles. Her first new adventure brings her to Cedar Ridge Resort, a ski lodge in the Colorado Rockies. Bailey quickly discovers that following her No Regrets List won't be easy. It doesn't offer instructions for how to deal with a suffocating mother or an ex-fiancé who doesn't want to let her go. Her list also doesn't include falling for the lodge's swoon-worthy head of ski patrol, Hud Kincaid, and his boisterous, kindhearted family. As much as she longs to travel the world, Bailey realizes it will be hard to leave the small town of Cedar Ridge and the people in it. And when her past comes calling, she'll have to summon more courage than ever before to live the life she truly wants"--Page 4 of cover.
650 #0 - SUBJECT ADDED ENTRY--TOPICAL TERM
Topical term or geographic name as entry element Man-woman relationships
Form subdivision Fiction.
9 (RLIN) 5674079
650 #0 - SUBJECT ADDED ENTRY--TOPICAL TERM
Topical term or geographic name as entry element Resorts
Form subdivision Fiction.
9 (RLIN) 5717463
650 #0 - SUBJECT ADDED ENTRY--TOPICAL TERM
Topical term or geographic name as entry element Ski resorts
Form subdivision Fiction.
9 (RLIN) 6020369
651 #0 - SUBJECT ADDED ENTRY--GEOGRAPHIC NAME
Geographic name Colorado
Form subdivision Fiction.
9 (RLIN) 5675457
650 #7 - SUBJECT ADDED ENTRY--TOPICAL TERM
Topical term or geographic name as entry element Man-woman relationships.
Source of heading or term fast
-- (OCoLC)fst01007080
9 (RLIN) 6020370
650 #7 - SUBJECT ADDED ENTRY--TOPICAL TERM
Topical term or geographic name as entry element Resorts.
Source of heading or term fast
-- (OCoLC)fst01095631
9 (RLIN) 6020371
650 #7 - SUBJECT ADDED ENTRY--TOPICAL TERM
Topical term or geographic name as entry element Ski resorts.
Source of heading or term fast
-- (OCoLC)fst01119971
9 (RLIN) 6020372
651 #7 - SUBJECT ADDED ENTRY--GEOGRAPHIC NAME
Geographic name Colorado.
Source of heading or term fast
-- (OCoLC)fst01210251
9 (RLIN) 6020373
655 #7 - INDEX TERM--GENRE/FORM
Genre/form data or focus term Fiction.
Source of term fast
-- (OCoLC)fst01423787
9 (RLIN) 5673940
655 #7 - INDEX TERM--GENRE/FORM
Genre/form data or focus term Novels.
Source of term fast
-- (OCoLC)fst01921742
9 (RLIN) 6020374
655 #7 - INDEX TERM--GENRE/FORM
Genre/form data or focus term Romance fiction.
Source of term fast
-- (OCoLC)fst01921732
9 (RLIN) 6020375
655 #7 - INDEX TERM--GENRE/FORM
Genre/form data or focus term Romance fiction.
Source of term lcgft
9 (RLIN) 6020375
655 #7 - INDEX TERM--GENRE/FORM
Genre/form data or focus term Novels.
Source of term lcgft
9 (RLIN) 6020374
800 1# - SERIES ADDED ENTRY--PERSONAL NAME
Personal name Shalvis, Jill.
Title of a work Cedar Ridge novel.
9 (RLIN) 6020376
906 ## - LOCAL DATA ELEMENT F, LDF (RLIN)
a 7
b cbc
c copycat
d 2
e ncip
f 20
g y-gencatlg
925 0# -
-- acquire
-- 1 shelf copy
-- policy default
942 ## - ADDED ENTRY ELEMENTS (KOHA)
Koha item type BOOK
948 ## - LOCAL PROCESSING INFORMATION (OCLC); SERIES PART DESIGNATOR (RLIN)
Series part designator, SPT (RLIN) 02/24/2020
z (OCLC) Sirsi
996 ## -
-- 175606
-- 34301001680802
-- F
-- bk
-- wcl
-- o
-- 1
-- 12.99
-- Donation
-- Sha
-- 02/24/2020
-- 02/24/2020
-- 02/25/2020
Holdings
Withdrawn status Lost status Source of classification or shelving scheme Damaged status Not for loan Collection code Home library Current library Shelving location Date acquired Source of acquisition Cost, normal purchase price Total Checkouts Total Renewals Full call number Barcode Date last seen Date checked out Cost, replacement price Price effective from Koha item type
    Dewey Decimal Classification     Fiction Wasatch County Library Wasatch County Library First Floor 02/24/2020 Donation 12.99 13 7 F Shalvis 34301001680802 02/06/2025 02/04/2025 12.99 03/20/2020 BOOK
This project was made possible through a grant from the Institute of Museum and Library Service administered by the Utah State Library Division.

Wasatch County Library

  • 465 East 1200 South, Heber City, Utah 84032
  • Phone 435-654-1511 | Fax 435-654-6456

Hours

  • Monday - Friday 9:30 AM - 8:00 PM
  • Saturday 9:30 AM - 1:30 PM
  • Closed Sundays and Holidays